000 00755nam a22002415a 4500
008 161030b xxu||||| |||| 00| 0 eng d
020 _a9789814670159
040 _aEG-ScBUE
_bENG
_cEG-ScBUE
082 0 4 _222
_a658.151
_bHIG
100 1 _aHiggins, Robert C.
245 1 0 _aAnalysis for Financial Management /
_cRobert C. Higgins, Jennifer L. Koski, Todd Mitton
250 _a11th ed.
_bInternational Edition.
260 _aNew York :
_bMcGraw-Hill ;
_c2016.
300 _axiii, 450 p. ;
_bill. ;
_c24 cm.
500 _aIncludes bibliographical references.
590 _aShima
650 7 _2BUEsh
_aCorporations Finance
651 _2BUEsh
653 _bBUSADM
_cOctober2016
700 1 _aKoski, Jennifer L.
700 1 _aMitton, Todd
942 _2ddc
999 _c22922
_d22894